The reinvention of primitive society : (Record no. 10144)
[ view plain ]
| 000 -LEADER | |
|---|---|
| fixed length control field | 00587cam a2200193 4500 |
| 001 - CONTROL NUMBER | |
| control field | 1223 |
| 005 - DATE AND TIME OF LATEST TRANSACTION | |
| control field | 20250310152212.0 |
| 008 - FIXED-LENGTH DATA ELEMENTS--GENERAL INFORMATION | |
| fixed length control field | 070427r20072005nyua b 001 0 eng |
| 010 ## - LIBRARY OF CONGRESS CONTROL NUMBER | |
| LC control number | 2007274260 |
| 020 ## - INTERNATIONAL STANDARD BOOK NUMBER | |
| International Standard Book Number | 9781032512105 |
| 082 ## - DEWEY DECIMAL CLASSIFICATION NUMBER | |
| Edition number | 2nd ed. |
| Classification number | 301.209 KUP |
| 100 1# - MAIN ENTRY--PERSONAL NAME | |
| Personal name | Kuper, Adam. |
| 245 10 - TITLE STATEMENT | |
| Title | The reinvention of primitive society : |
| Remainder of title | transformations of a myth / |
| Statement of responsibility, etc. | Kuper, Adam. |
| 260 ## - PUBLICATION, DISTRIBUTION, ETC. | |
| Place of publication, distribution, etc. | London : |
| Name of publisher, distributor, etc. | Routledge, |
| Date of publication, distribution, etc. | 2017.. |
| 300 ## - PHYSICAL DESCRIPTION | |
| Extent | xiii, 63 p. : |
| Other physical details | ill. ; |
| Dimensions | 26 cm. |
| 504 ## - BIBLIOGRAPHY, ETC. NOTE | |
| Bibliography, etc. note | Includes bibliographical references and index. |
| 610 ## - SUBJECT ADDED ENTRY--CORPORATE NAME | |
| Corporate name or jurisdiction name as entry element | Film editing. |
| 942 ## - ADDED ENTRY ELEMENTS (KOHA) | |
| Source of classification or shelving scheme | Dewey Decimal Classification |
| Koha item type | Main |
| Withdrawn status | Lost status | Source of classification or shelving scheme | Damaged status | Not for loan | Collection code | Home library | Current library | Shelving location | Date acquired | Inventory number | Total Checkouts | Full call number | Barcode | Date last seen | Price effective from | Koha item type |
|---|---|---|---|---|---|---|---|---|---|---|---|---|---|---|---|---|
| Dewey Decimal Classification | Main TEST | RTC Library | RTC Library | Main opac | 10/03/2025 | 19149 | 301.209 KUP | 30020316 | 10/03/2025 | 10/03/2025 | Main |